[Event "Druga liga CS - Istok 2018"]
[Site "Nis"]
[Date "2018.09.09"]
[Round "4.4"]
[White "Dmitrovic, Tomislav"]
[Black "Vlahovic, Bogdan"]
[Result "0-1"]
[WhiteElo "2268"]
[BlackElo "2308"]
[PlyCount "34"]
[EventDate "2018.09.07"]
[WhiteTeam "KURSUMLIJA - Kursumlija"]
[BlackTeam "GLUBOCICA - Leskovac"]

1. d4 Nf6 2. Nf3 b6 3. Bf4 Bb7 4. e3 g6 5. Be2 Bg7 6. O-O O-O 7. a4 a5 8. c3 d6
9. h3 Nfd7 10. Bh2 e5 11. dxe5 dxe5 12. Na3 Qe7 13. Nd2 Nc5 14. Nb5 Nba6 15.
Qc2 Rad8 16. Rfd1 Qe6 17. Bc4 Rxd2 0-1

[Event "Druga liga CS - Istok 2018"]
[Site "Nis"]
[Date "2018.09.09"]
[Round "4.4"]
[White "Zivkovic, Nemanja"]
[Black "Terzic, Goran"]
[Result "1-0"]
[WhiteElo "2293"]
[BlackElo "2226"]
[PlyCount "54"]
[EventDate "2018.09.07"]
[WhiteTeam "GLUBOCICA - Leskovac"]
[BlackTeam "KURSUMLIJA - Kursumlija"]

1. e4 e5 2. Nf3 Nc6 3. Bb5 a6 4. Ba4 Nf6 5. d3 Bc5 6. O-O d6 7. c3 Bg4 8. Nbd2
O-O 9. Re1 Nh5 10. h3 Bxh3 11. gxh3 Nf4 12. d4 Qf6 13. Nf1 Qg6+ 14. Ng3 Ba7 15.
Bxf4 exf4 16. Nh4 Qg5 17. Qh5 Qf6 18. Nf1 Nxd4 19. cxd4 Qxd4 20. Nh2 Qxa4 21.
Nf5 g6 22. Ne7+ Kg7 23. Qh4 Rfe8 24. Ng4 Bd4 25. e5 h5 26. Qf6+ Kh7 27. Nf5 Rg8
1-0

[Event "Druga liga CS - Istok 2018"]
[Site "Nis"]
[Date "2018.09.09"]
[Round "4.4"]
[White "Markovic, Marko"]
[Black "Milosevic, Aleksandar"]
[Result "1/2-1/2"]
[WhiteElo "2204"]
[BlackElo "2246"]
[PlyCount "28"]
[EventDate "2018.09.07"]
[WhiteTeam "KURSUMLIJA - Kursumlija"]
[BlackTeam "GLUBOCICA - Leskovac"]

1. e4 c5 2. c3 Nf6 3. e5 Nd5 4. Bc4 Nb6 5. Bb3 g6 6. d4 cxd4 7. cxd4 Bg7 8. Ne2
O-O 9. Nbc3 d6 10. exd6 Qxd6 11. Bf4 Qd8 12. Nb5 Na6 13. Rc1 Bd7 14. Nc7 Rc8
1/2-1/2

[Event "Druga liga CS - Istok 2018"]
[Site "Nis"]
[Date "2018.09.09"]
[Round "4.4"]
[White "Dimitrijevic, Srdjan"]
[Black "Miljkovic, Mihajlo"]
[Result "1-0"]
[WhiteElo "2279"]
[BlackElo "2255"]
[PlyCount "102"]
[EventDate "2018.09.07"]
[WhiteTeam "GLUBOCICA - Leskovac"]
[BlackTeam "KURSUMLIJA - Kursumlija"]

1. d4 d5 2. c4 e6 3. Nc3 Nf6 4. cxd5 exd5 5. Bg5 Be7 6. e3 Nbd7 7. Bd3 Nf8 8.
Bh4 Ne6 9. Nge2 g6 10. f3 O-O 11. O-O b6 12. Qd2 Bb7 13. Rad1 Re8 14. Bb5 c6
15. Ba4 b5 16. Bb3 b4 17. Na4 Ba6 18. Bf2 Bb5 19. Rfe1 Qa5 20. Qc2 Bd6 21. Nc1
Rac8 22. Nd3 Red8 23. Bh4 Bxd3 24. Qxd3 Be7 25. Rc1 Kg7 26. Re2 c5 27. dxc5
Nxc5 28. Nxc5 Rxc5 29. Rec2 Rdc8 30. Rxc5 Rxc5 31. Rd1 Qc7 32. Qd4 Rc1 33. Rxc1
Qxc1+ 34. Kf2 h6 35. f4 Qc6 36. Bxd5 Qd6 37. Ke2 Kf8 38. Bc4 Qc6 39. Kd3 a5 40.
e4 Ng8 41. Bf2 Nf6 42. h3 Kg8 43. g4 Nd7 44. Qd5 Qxd5+ 45. Bxd5 Bc5 46. Bd4 Kf8
47. Kc4 Bxd4 48. Kxd4 Ke7 49. Kc4 f6 50. Kb5 Kd6 51. Bc6 Nc5 1-0

[Event "Druga liga CS - Istok 2018"]
[Site "Nis"]
[Date "2018.09.09"]
[Round "4.4"]
[White "Raicevic, Ivica"]
[Black "Stankovic, Ivan G"]
[Result "0-1"]
[WhiteElo "2146"]
[BlackElo "2257"]
[PlyCount "88"]
[EventDate "2018.09.07"]
[WhiteTeam "KURSUMLIJA - Kursumlija"]
[BlackTeam "GLUBOCICA - Leskovac"]

1. c4 c6 2. Nc3 d5 3. cxd5 cxd5 4. d4 Nf6 5. Nf3 Nc6 6. Bf4 a6 7. e3 Bf5 8. Bd3
Bxd3 9. Qxd3 e6 10. O-O Be7 11. Rac1 O-O 12. Na4 Ne4 13. a3 Qa5 14. Nc5 Nxc5
15. dxc5 Qb5 16. Rfd1 Rfc8 17. b4 Qxd3 18. Rxd3 f6 19. Nd4 e5 20. Nxc6 bxc6 21.
Bg3 Kf7 22. e4 dxe4 23. Rd7 Ke6 24. Rb7 a5 25. f3 axb4 26. axb4 Rab8 27. Rxb8
Rxb8 28. Be1 e3 29. Kf1 f5 30. Ra1 f4 31. Ke2 Bf6 32. Ra7 Rc8 33. Bc3 h5 34.
Ra6 Kd5 35. Kd3 Rd8 36. Be1 g5 37. Ra7 g4 38. Rh7 e4+ 39. Ke2 exf3+ 40. gxf3
Rh8 41. Rd7+ Kc4 42. Rd6 Bd4 43. Rxc6 Ra8 44. Re6 Ra2+ 0-1

[Event "Druga liga CS - Istok 2018"]
[Site "Nis"]
[Date "2018.09.09"]
[Round "4.4"]
[White "Komnenic, Branko"]
[Black "Stojiljkovic, Stefan **"]
[Result "0-1"]
[WhiteElo "2228"]
[BlackElo "2146"]
[PlyCount "102"]
[EventDate "2018.09.07"]
[WhiteTeam "GLUBOCICA - Leskovac"]
[BlackTeam "KURSUMLIJA - Kursumlija"]

1. d4 d5 2. Bf4 c5 3. e3 Nc6 4. c3 Qb6 5. Qb3 c4 6. Qc2 Nf6 7. Nd2 Nh5 8. Bg5
h6 9. Bh4 g5 10. Be2 Ng7 11. Bg3 Bf5 12. Qc1 e6 13. h4 g4 14. h5 Be7 15. f3
gxf3 16. gxf3 Bd3 17. Bxd3 cxd3 18. Qb1 Qa6 19. a4 Nf5 20. Bf2 Na5 21. e4 Bg5
22. exf5 Bxd2+ 23. Kxd2 Nb3+ 24. Kd1 Nxa1 25. Qxa1 Rg8 26. Kd2 O-O-O 27. Nh3
Rg2 28. Qf1 Qxa4 29. Qxd3 Qb3 30. Kc1 Rdg8 31. Rf1 Rh2 32. Nf4 Qa2 33. fxe6
Qa1+ 34. Kc2 Qa4+ 35. Kb1 fxe6 36. Ng6 Re8 37. Bg3 Rxh5 38. Qe3 Qa6 39. Rd1 Rf5
40. Nh4 Rg5 41. Qf4 Qc6 42. Re1 Reg8 43. Bh2 a5 44. Rxe6 Rg1+ 45. Kc2 Qa4+ 46.
Kd2 Qd1+ 47. Ke3 Re1+ 48. Kf2 Rf1+ 49. Ke3 Qc1+ 50. Ke2 Re1+ 51. Kf2 Qxf4 0-1

[Event "Druga liga CS - Istok 2018"]
[Site "Nis"]
[Date "2018.09.09"]
[Round "4.4"]
[White "Marjanovic, Miroslav"]
[Black "Krstic, Ranko"]
[Result "0-1"]
[WhiteElo "2106"]
[BlackElo "2176"]
[PlyCount "71"]
[EventDate "2018.09.07"]
[WhiteTeam "KURSUMLIJA - Kursumlija"]
[BlackTeam "GLUBOCICA - Leskovac"]

1. e4 c5 2. d4 cxd4 3. Nf3 g6 4. Nxd4 Bg7 5. Nc3 Nc6 6. Be3 Nf6 7. f3 O-O 8. g4
d5 9. g5 Nh5 10. exd5 Nxd4 11. Bxd4 e5 12. Be3 f5 13. gxf6 Qxf6 14. Bg2 Nf4 15.
Bxf4 exf4 16. O-O Qb6+ 17. Kh1 Qxb2 18. Ne4 Qxa1 19. Qxa1 Bxa1 20. Rxa1 Bf5 21.
c4 Rfd8 22. Bf1 Kg7 23. Rd1 Rac8 24. Rd4 b6 25. Nf2 g5 26. Bd3 Kf6 27. Ng4+
Bxg4 28. fxg4 Re8 29. d6 Rcd8 30. d7 Re1+ 31. Kg2 Ke7 32. Bf5 h6 33. Rd3 Rf8
34. Ra3 Rf6 35. Rd3 Kd8 36. h4 0-1

[Event "Druga liga CS - Istok 2018"]
[Site "Nis"]
[Date "2018.09.09"]
[Round "4.4"]
[White "Micovic, Nikola **"]
[Black "Blazic, Ivica"]
[Result "0-1"]
[WhiteElo "1868"]
[BlackElo "2036"]
[PlyCount "104"]
[EventDate "2018.09.07"]
[WhiteTeam "GLUBOCICA - Leskovac"]
[BlackTeam "KURSUMLIJA - Kursumlija"]

1. d4 Nf6 2. c4 e5 3. e3 exd4 4. exd4 Bb4+ 5. Nc3 O-O 6. Bd3 d5 7. a3 dxc4 8.
Bxc4 Re8+ 9. Nge2 Ba5 10. O-O c6 11. Bg5 Be6 12. Bxe6 Rxe6 13. Qb3 Qb6 14. Qxb6
Bxb6 15. Bxf6 Rxf6 16. d5 Rd6 17. Rad1 Na6 18. dxc6 Rxc6 19. Nf4 Re8 20. Rfe1
Rxe1+ 21. Rxe1 Kf8 22. Nfd5 Bd4 23. Rd1 Be5 24. Kf1 Nc7 25. Nxc7 Rxc7 26. Rd3
Bxc3 27. bxc3 Ke7 28. Ke2 Rc4 29. Kd2 Ra4 30. Kc2 Rxa3 31. Kb2 Ra6 32. Kb3 Rd6
33. Rg3 g6 34. h3 Rf6 35. Re3+ Re6 36. Rf3 f5 37. g4 fxg4 38. hxg4 Rf6 39. Re3+
Kf7 40. f3 h5 41. gxh5 gxh5 42. Kc2 h4 43. Re4 Rh6 44. Rb4 b6 45. Rb1 h3 46.
Kd2 h2 47. Rh1 a5 48. c4 Kf6 49. Ke3 Kf5 50. Kf2 a4 51. Kg2 a3 52. Kf2 a2 0-1

[Event "Druga liga CS - Istok 2018"]
[Site "Nis"]
[Date "2018.09.09"]
[Round "4.5"]
[White "Djukic, Zeljko"]
[Black "Livaja, Mario"]
[Result "1/2-1/2"]
[WhiteElo "2304"]
[BlackElo "2279"]
[PlyCount "58"]
[EventDate "2018.09.07"]
[WhiteTeam "SVITANJA - Nis"]
[BlackTeam "NAIS - Nis"]

1. Nf3 Nf6 2. b3 g6 3. Bb2 Bg7 4. g3 O-O 5. Bg2 d6 6. d4 a5 7. a4 Na6 8. O-O
Bf5 9. Nh4 d5 10. Nxf5 gxf5 11. e3 e6 12. f3 Rc8 13. Nc3 c5 14. Nb5 Qb6 15. Rf2
Rfd8 16. Qd2 Nb4 17. c3 cxd4 18. exd4 Na6 19. Ba3 Rd7 20. Bf1 Qd8 21. Bd3 Nc7
22. Rc1 Kh8 23. Kg2 Ng8 24. Re2 Bf8 25. Bb2 Qf6 26. Qe1 Nxb5 27. Bxb5 Rdc7 28.
Bd3 Bd6 29. c4 Bb4 1/2-1/2

[Event "Druga liga CS - Istok 2018"]
[Site "Nis"]
[Date "2018.09.09"]
[Round "4.5"]
[White "Zivkovic, Marko"]
[Black "Rihterovic, Milan"]
[Result "1-0"]
[WhiteElo "2275"]
[BlackElo "2263"]
[PlyCount "112"]
[EventDate "2018.09.07"]
[WhiteTeam "NAIS - Nis"]
[BlackTeam "SVITANJA - Nis"]

1. d4 Nf6 2. Bf4 g6 3. Nf3 Bg7 4. e3 c5 5. c3 b6 6. Nbd2 Bb7 7. h3 d6 8. Bd3
Nbd7 9. Qe2 O-O 10. e4 cxd4 11. cxd4 e5 12. dxe5 dxe5 13. Be3 Qe7 14. O-O Nc5
15. Bxc5 Qxc5 16. Rac1 Qe7 17. Ba6 Nh5 18. g3 Rfd8 19. Bxb7 Qxb7 20. Rcd1 Qc8
21. Qc4 Qxh3 22. Qxf7+ Kh8 23. Ng5 Qg4 24. Ndf3 Rf8 25. Qd7 Qxd7 26. Rxd7 Kg8
27. Kg2 Nf6 28. Rc7 Rfe8 29. Re1 h6 30. Nf7 Ng4 31. Rd1 Rac8 32. Rdc1 Rxc7 33.
Rxc7 g5 34. Nd6 Rd8 35. Nf5 Bf8 36. Rxa7 Bc5 37. Ne7+ Bxe7 38. Rxe7 Nf6 39. Re6
Nxe4 40. Rxb6 Kg7 41. Rb4 Nc5 42. Nxe5 Rd2 43. Rc4 Ne6 44. Rc6 Kf6 45. Nc4 Rc2
46. a4 Ke7 47. b3 Nd4 48. Rxh6 Nxb3 49. Ne5 Nd4 50. a5 Rc5 51. Rh7+ Ke6 52. Nf3
Nxf3 53. Kxf3 Rxa5 54. Kg4 Kf6 55. Rh6+ Ke5 56. Kxg5 Ke4+ 1-0

[Event "Druga liga CS - Istok 2018"]
[Site "Nis"]
[Date "2018.09.09"]
[Round "4.5"]
[White "Milosevic, Slavisa"]
[Black "Kulak, Dejan"]
[Result "1-0"]
[WhiteElo "2237"]
[BlackElo "2180"]
[PlyCount "80"]
[EventDate "2018.09.07"]
[WhiteTeam "SVITANJA - Nis"]
[BlackTeam "NAIS - Nis"]

1. e4 Nf6 2. d3 d5 3. Nd2 e5 4. Ngf3 Nc6 5. c3 a5 6. Be2 Be7 7. O-O O-O 8. Qc2
Re8 9. b3 Bf8 10. a3 g6 11. Bb2 Nh5 12. g3 Bh3 13. Rfe1 Qd7 14. Ng5 Bg4 15. f3
Be6 16. b4 h6 17. Nxe6 Rxe6 18. Bf1 Ree8 19. Kh1 Rad8 20. Rac1 Bg7 21. b5 Na7
22. a4 Nc8 23. exd5 Qxd5 24. c4 Qd7 25. c5 b6 26. cxb6 cxb6 27. Qc6 Kh7 28.
Qxd7 Rxd7 29. Rc6 Ne7 30. Rxb6 Nd5 31. Rc6 Nb4 32. Rc5 Nxd3 33. Bxd3 Rxd3 34.
Re2 Re6 35. Nc4 Rxf3 36. b6 Rb3 37. Rb5 Rxb5 38. axb5 f6 39. b7 Re8 40. Nxa5
Rb8 1-0

[Event "Druga liga CS - Istok 2018"]
[Site "Nis"]
[Date "2018.09.09"]
[Round "4.5"]
[White "Bakic, Dragan"]
[Black "Grkovic, Vladan"]
[Result "0-1"]
[WhiteElo "2163"]
[BlackElo "2236"]
[PlyCount "94"]
[EventDate "2018.09.07"]
[WhiteTeam "NAIS - Nis"]
[BlackTeam "SVITANJA - Nis"]

1. e4 e6 2. d4 d5 3. Nd2 dxe4 4. Nxe4 Nd7 5. Nf3 Ngf6 6. Bd3 Be7 7. O-O a6 8.
a4 Nxe4 9. Bxe4 Nf6 10. Bd3 b6 11. c3 Bb7 12. Bf4 O-O 13. Qe2 c5 14. Rfd1 Bxf3
15. Qxf3 cxd4 16. Bc2 Qd5 17. Qe2 Qh5 18. Qxh5 Nxh5 19. Rxd4 Bc5 20. Re4 Nxf4
21. Rxf4 Rfd8 22. Rd1 Rxd1+ 23. Bxd1 Rd8 24. Be2 Rd2 25. Kf1 Rxb2 26. Bxa6 g6
27. h3 Kg7 28. g4 f5 29. Be2 e5 30. Rc4 Ra2 31. gxf5 gxf5 32. f3 Kg6 33. Rh4
Rc2 34. Rc4 Rc1+ 35. Kg2 Rg1+ 36. Kh2 Re1 37. Bd3 Ra1 38. h4 Kf6 39. h5 Kg5 40.
h6 Ra2+ 41. Kh1 Rd2 42. Bf1 Be3 43. Bg2 Kxh6 44. Rc7 Kg6 45. Bf1 h5 46. Rc4 Kg5
47. Bg2 Bf4 0-1

[Event "Druga liga CS - Istok 2018"]
[Site "Nis"]
[Date "2018.09.09"]
[Round "4.5"]
[White "Djordjevic, Danilo"]
[Black "Zivic, Dragan"]
[Result "1/2-1/2"]
[WhiteElo "2082"]
[BlackElo "2175"]
[PlyCount "36"]
[EventDate "2018.09.07"]
[WhiteTeam "SVITANJA - Nis"]
[BlackTeam "NAIS - Nis"]

1. d4 Nf6 2. Nf3 e6 3. e3 b6 4. Bd3 Bb7 5. O-O c5 6. c4 Be7 7. Nc3 cxd4 8. exd4
d5 9. cxd5 Nxd5 10. Ne5 O-O 11. Qg4 Nf6 12. Qh4 Nc6 13. Rd1 g6 14. Bh6 Re8 15.
Bb5 Rc8 16. Bg5 Nh5 17. Bxe7 Qxe7 18. Qxe7 Rxe7 1/2-1/2

[Event "Druga liga CS - Istok 2018"]
[Site "Nis"]
[Date "2018.09.09"]
[Round "4.5"]
[White "Djordjevic, Dejan N"]
[Black "Djukic, Nebojsa"]
[Result "1/2-1/2"]
[WhiteElo "2182"]
[BlackElo "2173"]
[PlyCount "43"]
[EventDate "2018.09.07"]
[WhiteTeam "NAIS - Nis"]
[BlackTeam "SVITANJA - Nis"]

1. e4 e6 2. d3 d5 3. Nd2 Nf6 4. Ngf3 c5 5. g3 Nc6 6. Bg2 Be7 7. O-O O-O 8. Re1
Qc7 9. Nf1 d4 10. c4 e5 11. h3 Ne8 12. g4 Nd6 13. Ng3 g6 14. a3 a5 15. a4 Bd7
16. b3 f6 17. Qe2 Rae8 18. Rf1 Rf7 19. Nh2 g5 20. Nf5 Bf8 21. Re1 Ne7 22. Ng3
1/2-1/2

[Event "Druga liga CS - Istok 2018"]
[Site "Nis"]
[Date "2018.09.09"]
[Round "4.5"]
[White "Ristic, Boban"]
[Black "Stankovic, Dejan"]
[Result "1/2-1/2"]
[WhiteElo "2019"]
[BlackElo "2156"]
[PlyCount "58"]
[EventDate "2018.09.07"]
[WhiteTeam "SVITANJA - Nis"]
[BlackTeam "NAIS - Nis"]

1. d4 d5 2. Nf3 Nf6 3. Bf4 c5 4. c3 Qb6 5. Qb3 c4 6. Qc2 g6 7. e3 Bf5 8. Qc1
Nc6 9. Be2 Bg7 10. h3 O-O 11. Nbd2 Rac8 12. O-O h5 13. Bd1 Bd3 14. Re1 Ne4 15.
Bc2 Bxc2 16. Qxc2 f5 17. Rab1 Qa5 18. Nxe4 fxe4 19. Nd2 e5 20. Bg3 Qd8 21. f3
Qg5 22. Bxe5 Nxe5 23. f4 Qg3 24. dxe5 g5 25. Nf1 Qh4 26. g3 Qxh3 27. Qh2 Qg4
28. Qe2 Qh3 29. Qh2 Qg4 1/2-1/2

[Event "Druga liga CS - Istok 2018"]
[Site "Nis"]
[Date "2018.09.09"]
[Round "4.5"]
[White "Ciric, Pavle **"]
[Black "Simic, Anja **"]
[Result "1/2-1/2"]
[WhiteElo "1823"]
[BlackElo "1813"]
[PlyCount "32"]
[EventDate "2018.09.07"]
[WhiteTeam "NAIS - Nis"]
[BlackTeam "SVITANJA - Nis"]

1. e4 c5 2. Nf3 d6 3. Bb5+ Bd7 4. Bxd7+ Qxd7 5. O-O Nc6 6. c3 Nf6 7. Re1 g6 8.
d4 Bg7 9. dxc5 dxc5 10. Qc2 Rd8 11. Be3 b6 12. Na3 O-O 13. e5 Nd5 14. Bg5 Qe6
15. Bd2 h6 16. b3 Rfe8 1/2-1/2

[Event "Druga liga CS - Istok 2018"]
[Site "Nis"]
[Date "2018.09.09"]
[Round "4.6"]
[White "Trickovic, Borivoje"]
[Black "Ristic, Nebojsa B"]
[Result "0-1"]
[WhiteElo "2239"]
[BlackElo "2336"]
[PlyCount "118"]
[EventDate "2018.09.07"]
[WhiteTeam "CAST I SLAVA - Pirot"]
[BlackTeam "RADNIK - Surdulica"]

1. d4 Nf6 2. Bf4 c5 3. e3 g6 4. Be2 Bg7 5. c3 d6 6. dxc5 dxc5 7. Qxd8+ Kxd8 8.
Nf3 Nh5 9. Be5 f6 10. Bxb8 Rxb8 11. Na3 a6 12. h3 f5 13. Nc4 Kc7 14. a4 b5 15.
axb5 axb5 16. Nce5 c4 17. g4 Nf6 18. Nd4 Nd5 19. Nf7 Rf8 20. Ng5 Bxd4 21. cxd4
h6 22. Nf3 Nb4 23. Kd2 Bb7 24. Rh2 Bxf3 25. Bxf3 fxg4 26. Bxg4 Nd3 27. b3 Nxf2
28. bxc4 bxc4 29. Kc3 Rb3+ 30. Kxc4 Rxe3 31. Ra2 Ne4 32. Rhc2 Rb8 33. Ra6 Rb6
34. Rxb6 Kxb6 35. Ra2 h5 36. Be6 Ng5 37. Bd5 Nxh3 38. Rb2+ Kc7 39. Rb7+ Kc8 40.
Ra7 Nf4 41. Ra8+ Kc7 42. Ra7+ Kb6 43. Rb7+ Ka6 44. Bc6 Re1 45. d5 h4 46. Rb2 h3
47. Ra2+ Kb6 48. Rb2+ Kc7 49. Rb7+ Kc8 50. Rb2 g5 51. Ra2 g4 52. Kc5 Rc1+ 53.
Kb6 Rb1+ 54. Kc5 g3 55. d6 exd6+ 56. Kxd6 Rd1+ 57. Ke5 g2 58. Ra8+ Kc7 59. Ra7+
Kd8 0-1

[Event "Druga liga CS - Istok 2018"]
[Site "Nis"]
[Date "2018.09.09"]
[Round "4.6"]
[White "Lazov, Toni **"]
[Black "Stanojevic, Ilija **"]
[Result "1/2-1/2"]
[WhiteElo "2292"]
[BlackElo "2139"]
[PlyCount "35"]
[EventDate "2018.09.07"]
[WhiteTeam "RADNIK - Surdulica"]
[BlackTeam "CAST I SLAVA - Pirot"]

1. e4 e6 2. d4 d5 3. Nd2 Nc6 4. Ngf3 Nf6 5. e5 Nd7 6. Bd3 Nb4 7. Be2 f6 8. exf6
Qxf6 9. c3 Nc6 10. Nf1 Bd6 11. Ne3 Nf8 12. c4 dxc4 13. Bxc4 Ng6 14. d5 Nce5 15.
Nxe5 Nxe5 16. Bb5+ Bd7 17. Bxd7+ Nxd7 18. dxe6 1/2-1/2

[Event "Druga liga CS - Istok 2018"]
[Site "Nis"]
[Date "2018.09.09"]
[Round "4.6"]
[White "Tonic, Milos"]
[Black "Banjovic, Sasa"]
[Result "1/2-1/2"]
[WhiteElo "2137"]
[BlackElo "2143"]
[PlyCount "24"]
[EventDate "2018.09.07"]
[WhiteTeam "CAST I SLAVA - Pirot"]
[BlackTeam "RADNIK - Surdulica"]

1. c4 f5 2. Nc3 Nf6 3. Nf3 d6 4. d4 e6 5. g3 Be7 6. Bg2 O-O 7. O-O Ne4 8. Qd3
Nxc3 9. Qxc3 a5 10. h4 h6 11. b3 Bf6 12. Bb2 Nc6 1/2-1/2

[Event "Druga liga CS - Istok 2018"]
[Site "Nis"]
[Date "2018.09.09"]
[Round "4.6"]
[White "Spasic, Petar **"]
[Black "Petrov, Georgi"]
[Result "1-0"]
[WhiteElo "2083"]
[BlackElo "2174"]
[PlyCount "103"]
[EventDate "2018.09.07"]
[WhiteTeam "RADNIK - Surdulica"]
[BlackTeam "CAST I SLAVA - Pirot"]

1. c4 c5 2. Nc3 b6 3. e4 Nc6 4. g3 g6 5. Bg2 Bg7 6. Nge2 e6 7. O-O Nge7 8. d3
h5 9. f4 d6 10. Be3 Bb7 11. d4 cxd4 12. Nxd4 Qd7 13. f5 Nxd4 14. Bxd4 Bxd4+ 15.
Qxd4 O-O-O 16. fxe6 fxe6 17. Rf7 e5 18. Qf2 Kb8 19. Qf6 Rhe8 20. Rf1 Qc7 21.
Rf2 a6 22. Bh3 Bc6 23. Be6 b5 24. cxb5 axb5 25. Qg5 b4 26. Nd5 Bxd5 27. exd5
Ka8 28. Kg2 Rb8 29. Qxg6 h4 30. Qc2 Qa5 31. Qc4 hxg3 32. hxg3 Rb7 33. Rf8 Rxf8
34. Rxf8+ Ka7 35. Qd3 Rc7 36. a3 bxa3 37. Qxa3 Qxa3 38. bxa3 Kb6 39. Rf7 Ka5
40. g4 Ka4 41. g5 e4 42. Rf1 Ng6 43. Bf7 Rc2+ 44. Kg3 Rc3+ 45. Kg2 Ne5 46. g6
Ng4 47. Kh1 Rg3 48. g7 Nh6 49. Rg1 Rxa3 50. Rg6 e3 51. Rxh6 e2 52. Re6 1-0

[Event "Druga liga CS - Istok 2018"]
[Site "Nis"]
[Date "2018.09.09"]
[Round "4.6"]
[White "Djordjevic, Miroslav"]
[Black "Dimitrijevic, Dusan"]
[Result "0-1"]
[WhiteElo "1975"]
[BlackElo "2065"]
[PlyCount "82"]
[EventDate "2018.09.07"]
[WhiteTeam "RADNIK - Surdulica"]
[BlackTeam "CAST I SLAVA - Pirot"]

1. f4 d5 2. Nf3 c5 3. e3 Nc6 4. Bb5 e6 5. b3 Nf6 6. Bb2 Bd6 7. d3 Qa5+ 8. Nc3
Bd7 9. Bxc6 Bxc6 10. O-O O-O 11. Qe1 Nd7 12. Qh4 f6 13. e4 b5 14. Qh3 Rae8 15.
exd5 exd5 16. Nxd5 Re2 17. Nc3 Rxc2 18. Qe6+ Rf7 19. Qxd6 Bxf3 20. Rxf3 Rxb2
21. Ne4 Rxa2 22. Rxa2 Qxa2 23. Qe6 Qa1+ 24. Kf2 Qd4+ 25. Kg3 Nf8 26. Qd6 Qxd6
27. Nxd6 Rd7 28. Nxb5 Rb7 29. Nc3 Rxb3 30. Ne4 Nd7 31. Nd2 Rc3 32. Ne4 Ra3 33.
Nd6 Ra6 34. Ne4 Kf7 35. Rf1 Ra3 36. Rd1 Ke6 37. Kf3 c4 38. f5+ Ke5 39. Nf2 cxd3
40. Nxd3+ Kxf5 41. g4+ Kg5 0-1

[Event "Druga liga CS - Istok 2018"]
[Site "Nis"]
[Date "2018.09.09"]
[Round "4.6"]
[White "Najdanovic, Veljko **"]
[Black "Bulatovic, Nikola"]
[Result "1-0"]
[WhiteElo "1719"]
[BlackElo "2047"]
[PlyCount "84"]
[EventDate "2018.09.07"]
[WhiteTeam "CAST I SLAVA - Pirot"]
[BlackTeam "RADNIK - Surdulica"]

1. d4 c5 2. c3 Nf6 3. Bf4 Qb6 4. Qc2 cxd4 5. cxd4 Nc6 6. e3 d5 7. Nd2 Nb4 8.
Qb3 Bf5 9. Rc1 Nc2+ 10. Kd1 Rc8 11. Qxb6 axb6 12. Bb5+ Kd8 13. a3 Ng4 14. Nh3
f6 15. Ba4 g5 16. Bxc2 Bxc2+ 17. Rxc2 gxf4 18. Rxc8+ Kxc8 19. exf4 Rg8 20. Ke2
h5 21. g3 Nh6 22. Nf1 Nf5 23. Kd3 e6 24. Ne3 Nd6 25. Rg1 Kd7 26. f3 b5 27. g4
hxg4 28. Nxg4 Ne8 29. Ne5+ fxe5 30. Rxg8 e4+ 31. fxe4 dxe4+ 32. Ke3 Bd6 33. Ng5
Nf6 34. Rg7+ Kc6 35. Nxe6 Kd5 36. f5 Bxh2 37. Nc7+ Kc4 38. Ne6 Kd5 39. Rg6 Ne8
40. Nf4+ Bxf4+ 41. Kxf4 Kxd4 42. Re6 e3 1-0

[Event "Druga liga CS - Istok 2018"]
[Site "Nis"]
[Date "2018.09.09"]
[Round "4.6"]
[White "Milic, Slobodan"]
[Black "Djelic, Jovan **"]
[Result "1-0"]
[WhiteElo "1927"]
[BlackElo "1448"]
[PlyCount "51"]
[EventDate "2018.09.07"]
[WhiteTeam "RADNIK - Surdulica"]
[BlackTeam "CAST I SLAVA - Pirot"]

1. Nf3 g6 2. d4 Bg7 3. Bf4 Nf6 4. e3 d6 5. Bc4 Bg4 6. h3 Bxf3 7. Qxf3 c6 8. Nd2
Nbd7 9. c3 O-O 10. g4 e5 11. Bg5 exd4 12. cxd4 Qb6 13. Bb3 Rfe8 14. O-O d5 15.
Rab1 Qb4 16. Rfd1 h5 17. Bc2 Re6 18. Nb3 Ne4 19. Bxe4 Rxe4 20. Qg3 Bf6 21. Bxf6
Nxf6 22. Nc5 Re7 23. a3 Qb6 24. Qd6 Rae8 25. Qxf6 Qc7 26. Qf3 1-0

[Event "Druga liga CS - Istok 2018 grupa sever"]
[Site ""]
[Date "2018.09.09"]
[Round "4.11"]
[White "Jovic, Stanoje"]
[Black "Radosavljevic, Slobodan D"]
[Result "0-1"]
[WhiteElo "2273"]
[BlackElo "2228"]
[PlyCount "0"]
[WhiteTeam "RADNICKI - Cuprija"]
[BlackTeam "KABLOVI - Jagodina"]
[EventDate "2018.09.07"]

1.c4 Nf6 2.Nc3 g6 3.g3 Bg7 4.Bg2 O-O 5.Nf3 d6 6.O-O e5 7.d3 Re8
8.e4 Bg4 9.h3 Bxf3 10.Bxf3 Nc6 11.Be3 Nd7 12.Rb1 a5 13.a3 Nc5
14.b4 axb4 15.axb4 Ne6 16.Ne2 Ra3 17.b5 Ncd4 18.Nxd4 Nxd4 19.Bxd4
exd4 20.Ra1 Qa8 21.Qc1 Ra5 22.e5 Bxe5 23.Rxa5 Qxa5 24.Bxb7 Bf6
25.Qf4 Kg7 26.Be4 Re7 27.h4 h5 28.Kg2 Re8 29.Rb1 Be5 30.Qc1 Bf6
31.Rb3 Re7 32.Ra3 Qb4 33.Ra6 Qc3 34.Qf4 Be5 35.Qf3 Qd2 36.Ra7
f5 37.Bd5 Bf6 38.Ra8 Re3 39.Rc8 Rxf3 40.Rxc7+ 0-1

[Event "Druga liga CS - Istok 2018 grupa sever"]
[Site ""]
[Date "2018.09.09"]
[Round "4.12"]
[White "Spasojevic, Zoran M"]
[Black "Milenkovic, Ivan"]
[Result "0-1"]
[WhiteElo "2201"]
[BlackElo "2255"]
[PlyCount "0"]
[WhiteTeam "KABLOVI - Jagodina"]
[BlackTeam "RADNICKI - Cuprija"]
[EventDate "2018.09.07"]

1.c4 Nf6 2.Nf3 g6 3.Nc3 Bg7 4.e3 O-O 5.Be2 d6 6.d4 Nbd7 7.O-O
e5 8.b3 Re8 9.Qc2 e4 10.Nd2 Qe7 11.Bb2 c6 12.Rac1 Nf8 13.b4 h5
14.d5 h4 15.Rfd1 N8h7 16.dxc6 bxc6 17.b5 c5 18.h3 Bf5 19.Nf1
Rad8 20.Nh2 Ng5 21.Bg4 Bxg4 22.Nxg4 Nxg4 23.hxg4 Qe6 24.Nd5 Qxg4
25.Bf6 h3 26.f4 exf3 27.Bxd8 fxg2 0-1

[Event "Druga liga CS - Istok 2018 grupa sever"]
[Site ""]
[Date "2018.09.09"]
[Round "4.13"]
[White "Gajovic, Dragan"]
[Black "Ivic, Matija"]
[Result "0-1"]
[WhiteElo "2140"]
[BlackElo "2246"]
[PlyCount "0"]
[WhiteTeam "RADNICKI - Cuprija"]
[BlackTeam "KABLOVI - Jagodina"]
[EventDate "2018.09.07"]

1.b3 c5 2.Bb2 Nf6 3.Nf3 Nc6 4.c4 d5 5.cxd5 Nxd5 6.g3 f6 7.Nc3
Nc7 8.Bg2 e5 9.O-O Be6 10.Rc1 Qd7 11.Na4 Na6 12.Ba3 b6 13.d4
e4 14.Nd2 f5 15.Nxe4 fxe4 16.Bxe4 Rd8 17.e3 Ncb4 18.Bxb4 Nxb4
19.a3 Na6 20.Qe2 Bxb3 21.Nc3 Nc7 22.Qf3 Qf7 23.Bc6+ Ke7 24.Qe4+
Qe6 25.Qg2 g6 26.dxc5 bxc5 27.Na4 Bxa4 28.Bxa4 Kf6 29.Qb7 Bd6
30.Bb3 Rb8 31.Qxb8 Rxb8 32.Bxe6 Kxe6 33.Rb1 Rb6 34.Rfc1 Kd5 35.Kf1
c4 36.e4+ Kc5 37.f4 Rxb1 38.Rxb1 c3 39.e5 Be7 40.Ke2 Nb5 41.Kd3
c2 42.Ra1 Nd4 43.Rf1 Kd5 0-1

[Event "Druga liga CS - Istok 2018 grupa sever"]
[Site ""]
[Date "2018.09.09"]
[Round "4.14"]
[White "Popovic, Djordje D"]
[Black "Golubovic, Marko"]
[Result "1/2-1/2"]
[WhiteElo "2234"]
[BlackElo "1994"]
[PlyCount "0"]
[WhiteTeam "KABLOVI - Jagodina"]
[BlackTeam "RADNICKI - Cuprija"]
[EventDate "2018.09.07"]

1.d4 Nf6 2.c4 c5 3.d5 g6 4.Nc3 Bg7 5.e4 O-O 6.Nf3 d6 7.Be2 e5
8.O-O Nh5 9.Ne1 Nf4 10.Kh1 f5 11.f3 Nd7 12.Nd3 Nxd3 13.Qxd3 f4
14.Bd2 Nf6 15.Qb1 Nh5 16.Be1 Qg5 17.Qc1 Nf6 18.b4 b6 19.bxc5
bxc5 20.Rb1 h5 21.Nb5 Ne8 22.Bf2 Qe7 23.Qa3 g5 24.Rfe1 Rf6 25.Nc3
Rg6 26.Na4 g4 27.Nb6 g3 28.Nxc8 Rxc8 29.Bg1 gxh2 30.Bf2 Qg5 31.Bf1
h4 32.Kxh2 Nf6 33.Qxa7 Nh5 34.Qd7 Ra8 35.Rb2 h3 36.gxh3 Ng3 37.Qg4
Qh6 38.Qd7 Qg5 39.Qg4 Qh6 40.Qd7 Qg5 1/2-1/2